| 000 | 00421nam a2200157 i 4500 | ||
|---|---|---|---|
| 001 | 38827 | ||
| 003 | ES-MaACL | ||
| 005 | 20230906155829.0 | ||
| 007 | t| | ||
| 008 | 030226s1925 sp ||||1| spa d | ||
| 100 | 1 |
_aCamba, Francisco. _934019 |
|
| 245 | 1 | 0 |
_aCárcel de seda _b: novela / _cFrancisco Camba. |
| 260 |
_aMadrid : _b[s.n., _c1925] ( _fImp. Latina) |
||
| 300 |
_a334 p. ; _c20 cm. |
||
| 852 |
_aES-MaACL _jF-6649 |
||
| 999 |
_c38827 _d38827 |
||